000 00949nam a2200301 a 4500
001 vtls000076371
003 NLI
005 20210601193600.0
008 101125s1976 nju 001 0 eng
020 _a0810809095 :
_cUSD 13.50
039 9 _y201011250809
_zVLOAD
040 0 _aNLI
_beng
_cEntertech-2003
_eAACR2
041 0 _aeng
044 _anju
082 0 4 _a133.07
245 0 0 _aParapsychology :
_bits relation to physics, biology, psychology, and psychiatry /
_cedited by Gertrude R. Schmeidler
260 _aMetuchen :
_bScarecrow Press,
_cc1976
300 _axiii, 278 p. ;
_c22 cm.
500 _aIncludes index
650 0 _aParapsychology
_9149159
700 1 _aSchmeidler, Gertrude R,
_4edt
_9177705
710 2 _aAmerican Society for Psychical Research
_9177706
887 _a
901 _a437569
_b27.09.1977
902 _aE133.07 Am35
949 _AVIRTUAITEM
_D10000
_X100
_6PUR000437569ENG
942 _2ddc
_cBKS
999 _aVIRTUA00
_c79331
_d79331